Otoño de terror (Record no. 50482)

MARC details
000 -LEADER
campo de control de longitud fija 00586nam a2200193 i 4500
001 - NÚMERO DE CONTROL
campo de control 50482
003 - IDENTIFICADOR DE NÚMERO DE CONTROL
campo de control ES-MaACL
005 - FECHA Y HORA DE LA ÚLTIMA TRANSACCIÓN
campo de control 20251114150613.0
007 - CAMPO FIJO DE DESCRIPCIÓN FÍSICA--INFORMACIÓN GENERAL
campo de control de longitud fija t|
008 - DATOS DE LONGITUD FIJA--INFORMACIÓN GENERAL
campo de control de longitud fija 030805s1969 sp ||||1| spa d
100 1# - ENTRADA PRINCIPAL--NOMBRE DE PERSONA
Nombre de persona Cullen, Thomas.
9 (RLIN) 42142
245 10 - MENCIÓN DEL TÍTULO
Título Otoño de terror
Resto del título : (Jack el destripador) /
Mención de responsabilidad, etc. Tom Cullen ; [versión Miguel Giménez Sales].
250 ## - MENCION DE EDICION
Mención de edición [1ª ed.].
260 ## - PUBLICACIÓN, DISTRIBUCIÓN, ETC.
Lugar de publicación, distribución, etc. Barcelona :
Nombre del editor, distribuidor, etc. Picazo,
Fecha de publicación, distribución, etc. 1969.
300 ## - DESCRIPCIÓN FÍSICA
Extensión 338 p., 8 lám. ;
Dimensiones 22 cm.
700 1# - ENTRADA AGREGADA--NOMBRE PERSONAL
Nombre de persona Giménez Sales, Miguel,
Fechas asociadas al nombre 1922-
9 (RLIN) 57067
852 ## - LOCALIZACIÓN
Ubicación ES-MaACL
Número de control de estantería C-36447
Sublocalización o colección R.69736
Holdings
Estatus retirado Estado de pérdida Estado de daño No para préstamo Biblioteca de origen Biblioteca actual Ubicación en estantería Fecha de adquisición Fuente de adquisición Total de préstamos Signatura topográfica completa Código de barras Visto por última vez Precio de reemplazo Tipo de ítem Koha
        Biblioteca del Ateneo de Madrid Biblioteca del Ateneo de Madrid Depósito 2 17/01/2008     C-36447 1053103 23/02/2023 23/02/2023 Libro impreso